| 000 | 00504nam a2200181Ia 4500 | ||
|---|---|---|---|
| 003 | OSt | ||
| 005 | 20251122101831.0 | ||
| 008 | 210210b1925 xxu||||| |||| 00| 0 eng d | ||
| 040 | _cAL | ||
| 041 | _aKannada | ||
| 082 | _a851/394 | ||
| 100 |
_aLAKSHMISHA _991617 _dಲಕ್ಷ್ಮೀಶ |
||
| 245 |
_aKarnataka jaimini bharatavu _bಕರ್ಣಾಟಕ ಜೈಮಿನಿ ಭಾರತವು |
||
| 260 |
_aMysore _b- _c1925 |
||
| 690 |
_aKannada Poetry _991618 |
||
| 906 | _a018411 | ||
| 942 |
_2ddc _cBK |
||
| 999 |
_c141842 _d141842 |
||